000 00671nam a22002177a 4500
003 OSt
005 20160803183535.0
008 160803b xxu||||| |||| 00| 0 eng d
020 _a096851880x
040 _c040a
082 _aWB 460
_bG267 1991
100 _aGeddes, E. Lynne
_910564
245 _aEthical issues relevant to physical therapy /
_cE. Lynne Geddes, Elspeth Finch, Helene Larin
260 _aOntario
_bSchool of rehabilitation science
_c1991
300 _avi, 115p;
_c12 cm.
504 _aIncludes bibliographical references
650 _aEthical issues
_910565
700 _aFinch, Elspeth
_910566
700 _aLarin, Helene
_910567
942 _2z
_cO_SHELF
999 _c4919
_d4919